[Event "World Youth U16 Olympiad"]
[Site "Gyor HUN"]
[Date "2014.12.20"]
[Round "9.1"]
[Board "2"]
[White "Dolana, Andrei-Theodor"]
[Black "Karthikeyan, Murali"]
[Result "1/2-1/2"]
[BlackTitle "IM"]
[WhiteElo "2279"]
[BlackElo "2497"]
[WhiteTeam "Romania"]
[BlackTeam "India"]
[WhiteFideId "1219804"]
[BlackFideId "5074452"]
[EventDate "2014.12.13"]
[EventType "team"]

1. e4 g6 2. d4 Bg7 3. Nf3 d6 4. Be2 Nf6 5. Nc3 O-O 6. O-O Nbd7 7. e5 Ne8 8. Re1
c6 9. Bf1 Nb6 10. h3 Nc7 11. exd6 exd6 12. Bg5 f6 13. Bf4 d5 14. b3 Ne6 15. Bg3
Re8 16. Bd3 Bf8 17. Ne2 Ng7 18. c3 Bf5 19. Nf4 Qd7 20. Qc2 Rac8 21. Rxe8 Rxe8
22. Re1 Nc8 23. Rxe8 Qxe8 24. Bxf5 Nxf5 25. Qe2 Qxe2 26. Nxe2 Nxg3 27. Nxg3 Ba3
28. Ne2 Nd6 29. Nd2 a5 30. Nb1 Bb2 31. Kf1 b5 32. Ke1 b4 33. Kd2 Nb5 34. Kc2
bxc3 35. a4 Na3+ 36. Nxa3 Bxa3 37. Kxc3 Kf7 38. Nf4 Ke7 39. Nd3 Bd6 40. b4 Bc7
41. Nc5 Bb6 42. Nb3 axb4+ 43. Kxb4 Kd6 44. Kc3 Kc7 45. Kb4 Kd6 46. Kc3 1/2-1/2

[Event "World Youth U16 Olympiad"]
[Site "Gyor HUN"]
[Date "2014.12.20"]
[Round "9.1"]
[Board "3"]
[White "Aravindh, Chithambaram VR."]
[Black "Costachi, Mihnea"]
[Result "1-0"]
[WhiteTitle "IM"]
[BlackTitle "FM"]
[WhiteElo "2476"]
[BlackElo "2356"]
[WhiteTeam "India"]
[BlackTeam "Romania"]
[WhiteFideId "5072786"]
[BlackFideId "1217518"]
[EventDate "2014.12.13"]
[EventType "team"]

1. Nf3 Nf6 2. g3 g6 3. b3 Bg7 4. Bb2 b6 5. Bg2 Bb7 6. O-O c5 7. d3 O-O 8. Nbd2
d5 9. e3 Nbd7 10. c4 e6 11. Qe2 Qe7 12. Rfe1 Ne8 13. d4 f5 14. Ne5 Nd6 15. cxd5
exd5 16. Nxd7 Qxd7 17. Nf3 Rac8 18. Rac1 Qe6 19. dxc5 Bxb2 20. Qxb2 bxc5 21. Qe5
Rfe8 22. Qxe6+ Rxe6 23. Rc2 Ne4 24. Rec1 Rec6 25. Ne5 R6c7 26. Nd3 c4 27. Nf4
Kf7 28. Bf1 Nd6 29. Ne2 Nb5 30. Rd2 cxb3 31. Rxc7+ Nxc7 32. axb3 Ba6 33. Nd4
Bxf1 34. Kxf1 a6 35. Rc2 Ke7 36. Rc6 Kd7 37. Rf6 Ke7 38. Rb6 Kd7 39. h4 Rg8 40.
b4 Ra8 41. h5 Rg8 42. Ke2 Rg7 43. Kf3 Rg8 44. Kf4 g5+ 45. Kxf5 Rf8+ 46. Rf6 Rb8
47. Rf7+ Kd6 48. Rf6+ Kd7 49. Rf7+ Kd6 50. Rxh7 Rf8+ 51. Kxg5 Rxf2 52. Rh6+ Ke7
53. Rc6 Ne8 54. Nf5+ Kf7 55. Rxa6 d4 56. exd4 Rf3 57. Ra7+ Kg8 58. h6 Kh8 59.
Re7 1-0

[Event "World Youth U16 Olympiad"]
[Site "Gyor HUN"]
[Date "2014.12.20"]
[Round "9.1"]
[Board "4"]
[White "Toma, Radu-Cristian"]
[Black "Kumaran, B"]
[Result "1/2-1/2"]
[WhiteElo "2255"]
[BlackElo "2316"]
[WhiteTeam "Romania"]
[BlackTeam "India"]
[WhiteFideId "1217992"]
[BlackFideId "5038472"]
[EventDate "2014.12.13"]
[EventType "team"]

1. Nf3 Nf6 2. c4 e6 3. g3 d5 4. Bg2 Be7 5. O-O O-O 6. d4 c6 7. Nc3 Nbd7 8. b3 b6
9. Nd2 Bb7 10. e4 dxe4 11. Ndxe4 Nxe4 12. Nxe4 Nf6 13. Bf4 Qd7 14. Be5 Rad8 15.
Qc2 Ng4 16. c5 f5 17. Nd6 bxc5 18. Nxb7 Qxb7 19. Qc4 Nxe5 20. dxe5 Kf7 21. Rfd1
Qb5 22. Qc2 Rd4 23. Bf1 Qb8 24. Bc4 g6 25. Rxd4 cxd4 26. Qd2 c5 27. Qh6 Rh8 28.
Re1 Bf8 29. Qf4 Qd8 30. b4 cxb4 31. Bb3 Be7 32. Rd1 Bg5 33. Qxd4 Qxd4 34. Rxd4
Be7 35. Rd7 1/2-1/2

[Event "World Youth U16 Olympiad"]
[Site "Gyor HUN"]
[Date "2014.12.20"]
[Round "9.2"]
[Board "1"]
[White "Asgarizadeh, Ahmad"]
[Black "Jarmula, Lukasz"]
[Result "1-0"]
[BlackTitle "FM"]
[WhiteElo "2371"]
[BlackElo "2307"]
[WhiteTeam "Iran"]
[BlackTeam "Poland 1"]
[WhiteFideId "12505684"]
[BlackFideId "1160664"]
[EventDate "2014.12.13"]
[EventType "team"]

1. e4 c5 2. Nf3 d6 3. d4 cxd4 4. Nxd4 Nf6 5. Nc3 a6 6. Be3 Ng4 7. Bc1 Nf6 8. Be3
Ng4 9. Bg5 h6 10. Bh4 g5 11. Bg3 Bg7 12. h3 Ne5 13. Nf5 Bxf5 14. exf5 Nbc6 15.
Nd5 e6 16. fxe6 fxe6 17. Ne3 O-O 18. Be2 d5 19. O-O Ng6 20. c3 Nf4 21. Re1 Qb6
22. Rb1 Rad8 23. Bf1 e5 24. Qc2 Qc5 25. b4 Qd6 26. b5 Ne7 27. bxa6 bxa6 28. Red1
Qc6 29. Qb3 Kh8 30. Qb7 Qxb7 31. Rxb7 d4 32. cxd4 exd4 33. Rxe7 dxe3 34. Rxd8
exf2+ 35. Bxf2 Rxd8 36. Bxa6 Nd5 37. Re1 Nb4 38. Bc4 Rc8 39. Re4 Ra8 40. Bc5 Nc2
41. Bb3 Na1 42. Bf7 Kh7 43. a4 Rc8 44. Bb6 Rc1+ 45. Kf2 Rc6 46. Bd8 Bf6 47. Ba5
Nc2 48. Be8 Ra6 49. Bd2 Rd6 50. Re2 Nd4 51. Bb4 Rb6 52. Bc5 Rb8 53. Re1 Rb2+ 54.
Kf1 Nf5 55. Bb5 Bc3 56. Bd3 Bxe1 57. Bxf5+ Kg8 58. Kxe1 Rxg2 59. a5 Kf7 60. a6
Ra2 61. a7 1-0

[Event "World Youth U16 Olympiad"]
[Site "Gyor HUN"]
[Date "2014.12.20"]
[Round "9.2"]
[Board "2"]
[White "Gumularz, Szymon"]
[Black "Tabatabaei, M.amin"]
[Result "1/2-1/2"]
[BlackTitle "FM"]
[WhiteElo "2241"]
[BlackElo "2363"]
[WhiteTeam "Poland 1"]
[BlackTeam "Iran"]
[WhiteFideId "1188062"]
[BlackFideId "12521213"]
[EventDate "2014.12.13"]
[EventType "team"]

1. Nf3 Nf6 2. g3 b6 3. Bg2 Bb7 4. O-O e6 5. c4 c5 6. d4 cxd4 7. Nxd4 Bxg2 8.
Kxg2 Qc7 9. b3 Be7 10. Nc3 d5 11. Ndb5 Qb7 12. cxd5 a6 13. Nd4 Nxd5 14. Nxd5
Qxd5+ 15. Nf3 Qxd1 16. Rxd1 Nd7 17. Bb2 f6 18. Nd4 Nc5 19. Rac1 a5 20. Nc6 Bf8
21. Rd2 Kf7 22. Rcd1 g5 23. Rd8 Bg7 24. Ba3 Ne4 25. Rxa8 Rxa8 26. Nd8+ Kg6 27.
Nxe6 Bh6 28. Rd7 b5 29. Nc5 Nc3 30. Bb2 b4 31. Bxc3 bxc3 32. Rc7 Re8 33. e3 Bf8
34. Na4 Rd8 35. Nxc3 Rd2 36. Nb5 Rxa2 37. Nd4 g4 38. Ne6 Bh6 39. Kf1 Ra1+ 40.
Kg2 Ra2 41. Kf1 Ra1+ 42. Kg2 Ra2 43. Kf1 1/2-1/2

[Event "World Youth U16 Olympiad"]
[Site "Gyor HUN"]
[Date "2014.12.20"]
[Round "9.2"]
[Board "3"]
[White "Maghsoodloo, Parham"]
[Black "Janik, Igor"]
[Result "1-0"]
[WhiteElo "2415"]
[BlackElo "2182"]
[WhiteTeam "Iran"]
[BlackTeam "Poland 1"]
[WhiteFideId "12539929"]
[BlackFideId "1159259"]
[EventDate "2014.12.13"]
[EventType "team"]

1. e4 c5 2. Nf3 d6 3. Bb5+ Nd7 4. c3 Nf6 5. Qe2 a6 6. Ba4 b5 7. Bc2 g6 8. O-O
Bb7 9. d4 Bg7 10. Re1 cxd4 11. cxd4 O-O 12. e5 Bxf3 13. Qxf3 dxe5 14. dxe5 Nh5
15. g4 Nxe5 16. Qe2 Rc8 17. gxh5 Rxc2 18. Qxc2 Nf3+ 19. Kf1 Qd7 20. Qe4 Qh3+ 21.
Ke2 Nd4+ 22. Kd1 Qxh5+ 23. Re2 Nxe2 24. Qxe2 Qxh2 25. Nd2 Qh1+ 26. Qe1 Qc6 27.
Qe4 Qd6 28. Ke2 Rd8 29. Kf1 e5 30. a4 Bh6 31. axb5 axb5 32. Nb3 Qd1+ 33. Kg2
Bxc1 34. Nxc1 Qd6 35. Ra3 Qf6 36. Nd3 Qg5+ 37. Kf1 Qd2 38. Ra8 Rxa8 39. Qxa8+
Kg7 40. Qe4 f6 41. Qb7+ Kh6 42. Qxb5 e4 43. Ne1 f5 44. b4 f4 45. Qc4 e3 46.
Qxf4+ g5 47. Qf8+ Kg6 48. fxe3 Qxe3 49. Qd6+ Kf7 50. b5 Qh3+ 51. Kg1 Qe3+ 52.
Kf1 Qh3+ 53. Kf2 Qf5+ 54. Nf3 Qxb5 55. Ne5+ Ke8 56. Qe6+ Kd8 57. Qg8+ Kc7 58.
Qxh7+ Kb6 59. Qg6+ Ka7 60. Qg7+ Ka6 61. Qxg5 Qc5+ 62. Ke2 Qc2+ 63. Kf3 Qc3+ 64.
Ke4 Qb4+ 65. Kd5 Qb5+ 66. Kd4 Qb2+ 67. Ke4 Qe2+ 68. Kf5 Qf2+ 69. Ke6 Qb6+ 70.
Ke7 Qc5+ 71. Kf7 Qc7+ 72. Kg6 Qd6+ 73. Kg7 Qc7+ 74. Kh6 Qd6+ 75. Ng6 Qh2+ 76.
Kg7 Qd6 77. Qe3 Qb6 78. Qc3 Kb7 79. Ne7 Qg1+ 80. Kf8 Qf1+ 81. Ke8 Qb5+ 82. Kd8
Qb6+ 83. Kd7 Qb5+ 84. Ke6 Qb6+ 85. Kf7 Qb5 86. Qf3+ Ka7 87. Qe3+ Kb7 88. Qe4+
Ka7 89. Qd4+ Kb7 90. Qe4+ Ka7 91. Nc6+ Kb6 92. Ne5 Ka7 93. Ke6 Qb6+ 94. Kd5 Qd8+
95. Kc4 Qc7+ 96. Kd3 Qd6+ 97. Kc2 Qc5+ 98. Nc4 Kb8 99. Kc3 Ka7 100. Qe8 Kb7 101.
Kb3 Qd5 102. Kb4 Kc7 103. Qe7+ Qd7 104. Qf6 Kb8 105. Nd6 Kc7 106. Nb5+ Kc8 107.
Kc5 Qd8 108. Qa6+ Kd7 109. Qd6+ Ke8 110. Nc7+ 1-0

[Event "World Youth U16 Olympiad"]
[Site "Gyor HUN"]
[Date "2014.12.20"]
[Round "9.2"]
[Board "4"]
[White "Harazinska, Ewa"]
[Black "Lorparizangeneh, Shahin"]
[Result "0-1"]
[WhiteTitle "WFM"]
[BlackTitle "FM"]
[WhiteElo "2143"]
[BlackElo "2340"]
[WhiteTeam "Poland 1"]
[BlackTeam "Iran"]
[WhiteFideId "1118374"]
[BlackFideId "12521604"]
[EventDate "2014.12.13"]
[EventType "team"]

1. d4 Nf6 2. c4 g6 3. Nc3 d5 4. Nf3 Bg7 5. Qa4+ Bd7 6. Qb3 dxc4 7. Qxc4 O-O 8.
Bf4 c6 9. e4 b5 10. Qd3 c5 11. e5 Nh5 12. Be3 Nc6 13. dxc5 b4 14. Nd5 Bg4 15.
Be2 Bxf3 16. Bxf3 Nxe5 17. Qe2 Nxf3+ 18. Qxf3 e6 19. g4 Qxd5 20. Qxd5 exd5 21.
gxh5 Bxb2 22. Rd1 Rfd8 23. hxg6 fxg6 24. Bd4 Bxd4 25. Rxd4 Rac8 26. Rxb4 Rxc5
27. Kd2 Rf8 28. f4 Ra5 29. a4 Ra6 30. Rhb1 Re6 31. Rd4 Rf5 32. Rb8+ Kf7 33. Rd8
Rh5 34. R4xd5 Rxh2+ 35. Kd3 Rh3+ 36. Kd4 Rh4 37. R8d7+ Re7 38. Rxe7+ Kxe7 39.
Ra5 Rxf4+ 40. Ke3 Rh4 41. Rxa7+ Kf6 42. a5 h5 43. a6 Ra4 44. Ra8 Kg7 45. Ra7+
Kh6 46. Ra8 g5 47. a7 Kg7 48. Kf3 Kh7 49. Kg3 Ra3+ 50. Kg2 h4 51. Kh2 g4 52. Rb8
Rxa7 53. Rb5 Ra2+ 54. Kg1 h3 55. Rg5 Ra4 56. Kh2 Kh6 57. Rg8 Ra2+ 58. Kh1 Kh5 0-1

[Event "World Youth U16 Olympiad"]
[Site "Gyor HUN"]
[Date "2014.12.20"]
[Round "9.3"]
[Board "1"]
[White "Schroeder, Jan-Christian"]
[Black "Paravyan, David"]
[Result "1-0"]
[WhiteTitle "FM"]
[BlackTitle "IM"]
[WhiteElo "2390"]
[BlackElo "2437"]
[WhiteTeam "Germany"]
[BlackTeam "Russia"]
[WhiteFideId "24662259"]
[BlackFideId "4194985"]
[EventDate "2014.12.13"]
[EventType "team"]

1. e4 e5 2. Nf3 Nc6 3. Bb5 Nf6 4. d4 Nxd4 5. Nxd4 c6 6. Bc4 exd4 7. Qxd4 Qe7 8.
O-O Nxe4 9. Re1 d5 10. Nc3 Qb4 11. Bf4 Qxc4 12. Nxe4 Be6 13. Qxc4 dxc4 14. Ng5
Be7 15. Nxe6 fxe6 16. Rxe6 Kf7 17. Re4 b5 18. Be5 Rhe8 19. Rae1 Rad8 20. Bc3 b4
21. Bd4 c5 22. Be3 c3 23. bxc3 Bf6 24. Rxe8 Rxe8 25. cxb4 cxb4 26. Rd1 a5 27.
Rd5 a4 28. Kf1 Rb8 29. g4 b3 30. cxb3 axb3 31. axb3 Rxb3 32. g5 Be7 33. Kg2 Rc3
34. h4 Rc4 35. f4 g6 36. Kf3 Rc2 37. Rb5 Bf8 38. Rb7+ Kg8 39. h5 gxh5 40. f5 Rc4
41. Rd7 Bc5 42. Rc7 Bxe3 43. Rxc4 Bxg5 44. Rc7 h6 45. Ke4 h4 46. Ke5 h3 47. Rc3
h2 48. Rh3 Bd8 49. Ke6 Bg5 50. f6 Bf4 51. Ke7 1-0

[Event "World Youth U16 Olympiad"]
[Site "Gyor HUN"]
[Date "2014.12.20"]
[Round "9.3"]
[Board "2"]
[White "Goryachkina, Aleksandra"]
[Black "Perske, Thore"]
[Result "1/2-1/2"]
[WhiteTitle "WGM"]
[WhiteElo "2441"]
[BlackElo "2402"]
[WhiteTeam "Russia"]
[BlackTeam "Germany"]
[WhiteFideId "4147103"]
[BlackFideId "12902195"]
[EventDate "2014.12.13"]
[EventType "team"]

1. d4 Nf6 2. c4 g6 3. Nc3 Bg7 4. e4 d6 5. Nf3 O-O 6. Be2 e5 7. Be3 h6 8. O-O Ng4
9. Bc1 Nd7 10. h3 exd4 11. Nxd4 Ngf6 12. Be3 Nc5 13. Qc2 Re8 14. Bf3 a5 15. Rad1
Bd7 16. Rfe1 Nh7 17. Ndb5 Ng5 18. Be2 Ngxe4 19. Nxe4 Nxe4 20. Bf3 f5 21. Bd4
Bxd4 22. Nxd4 Nc5 23. Rxe8+ Qxe8 24. Qd2 Kh7 25. Re1 Qf7 26. h4 Qf6 27. Nb5 Bxb5
28. cxb5 Qxh4 29. b6 Qd8 30. Bxb7 Rb8 31. Qd5 Kg7 32. Bc6 cxb6 33. Qd4+ Kh7 34.
Re8 Qxe8 35. Bxe8 Rxe8 36. Qxd6 Re6 37. Qc7+ Kg8 38. b3 Kf8 39. Kh2 Kg8 40. Qd8+
Kg7 41. Qd4+ Kf7 42. Qd5 Ke7 43. a3 h5 44. b4 axb4 45. axb4 Nd7 46. Qd4 1/2-1/2

[Event "World Youth U16 Olympiad"]
[Site "Gyor HUN"]
[Date "2014.12.20"]
[Round "9.3"]
[Board "3"]
[White "Vogel, Roven"]
[Black "Vavulin, Maksim"]
[Result "0-1"]
[BlackTitle "IM"]
[WhiteElo "2401"]
[BlackElo "2430"]
[WhiteTeam "Germany"]
[BlackTeam "Russia"]
[WhiteFideId "12908088"]
[BlackFideId "4169530"]
[EventDate "2014.12.13"]
[EventType "team"]

1. d4 Nf6 2. Bg5 Ne4 3. Bf4 c5 4. f3 Nf6 5. dxc5 b6 6. e4 Nc6 7. Bc4 bxc5 8. Ne2
g6 9. c3 Bg7 10. O-O O-O 11. Na3 Na5 12. Kh1 Nxc4 13. Nxc4 Ba6 14. Qa4 Qc8 15.
Rfd1 Qb7 16. b3 Bb5 17. Qa3 Rac8 18. Bg5 h6 19. Bh4 d6 20. Bf2 Nd7 21. Rac1 Bxc4
22. bxc4 Rb8 23. Qa4 Nb6 24. Qb5 Qc8 25. Rb1 Kh7 26. Rb2 Nd7 27. Rdb1 Rxb5 28.
cxb5 Nb6 29. Rc2 Qe6 30. c4 f5 31. Nf4 Qf7 32. Be3 Nxc4 0-1

[Event "World Youth U16 Olympiad"]
[Site "Gyor HUN"]
[Date "2014.12.20"]
[Round "9.3"]
[Board "4"]
[White "Sarana, Alexey"]
[Black "Sieber, Fiona"]
[Result "1-0"]
[WhiteElo "2391"]
[BlackElo "2019"]
[WhiteTeam "Russia"]
[BlackTeam "Germany"]
[WhiteFideId "24133795"]
[BlackFideId "12902373"]
[EventDate "2014.12.13"]
[EventType "team"]

1. c4 e5 2. g3 Nf6 3. Bg2 c6 4. d4 exd4 5. Qxd4 d5 6. Nf3 Be6 7. cxd5 cxd5 8.
O-O Nc6 9. Qa4 Bc5 10. Ne5 Rc8 11. Nxc6 bxc6 12. b3 O-O 13. Bb2 Bf5 14. Qf4 Bg6
15. Nc3 Re8 16. Rac1 Bd6 17. Qd2 Bb4 18. a3 Bxc3 19. Bxc3 Ne4 20. Bxe4 Bxe4 21.
b4 Rc7 22. Bd4 f6 23. Rc5 Rce7 24. f3 Bf5 25. e3 Bd7 26. Ra5 Bf5 27. Rc1 Rc7 28.
Bxa7 Qd7 29. Bb6 Rb7 30. Bd4 Qd6 31. Ra6 Bd7 32. Qd3 Qb8 33. Kf2 c5 34. Bxc5 Bb5
35. Qxd5+ Kh8 36. Rd6 h6 37. Bd4 Kh7 38. Rc5 Kh8 39. Rxf6 gxf6 40. Bxf6+ Kh7 41.
Rxb5 Ree7 42. Bxe7 1-0

[Event "World Youth U16 Olympiad"]
[Site "Gyor HUN"]
[Date "2014.12.20"]
[Round "9.4"]
[Board "1"]
[White "Vorontsov, Pavlo"]
[Black "Sanal, Vahap"]
[Result "1-0"]
[WhiteTitle "FM"]
[BlackTitle "IM"]
[WhiteElo "2374"]
[BlackElo "2452"]
[WhiteTeam "Ukraine"]
[BlackTeam "Turkey"]
[WhiteFideId "14116367"]
[BlackFideId "6300545"]
[EventDate "2014.12.13"]
[EventType "team"]

1. d4 d5 2. c4 c6 3. Nf3 Nf6 4. Nc3 dxc4 5. a4 e6 6. e4 Bb4 7. Bxc4 Nxe4 8. O-O
Nf6 9. Qe2 Nbd7 10. Rd1 O-O 11. Rd3 Qc7 12. Bd2 Bd6 13. Re1 a6 14. Ng5 Re8 15.
Rh3 Nf8 16. Nce4 Nxe4 17. Nxe4 Bf4 18. Bxf4 Qxf4 19. Rf3 Qc7 20. Rg3 Qe7 21. Qh5
Rd8 22. a5 Bd7 23. Ree3 Be8 24. h4 Kh8 25. Qe5 Ng6 26. Qc5 Qxc5 27. dxc5 Rd1+
28. Kh2 Nxh4 29. Nd6 Nf5 30. Nxf5 exf5 31. Re7 Kg8 32. Rxb7 Kf8 33. Rd3 Rc1 34.
b3 f4 35. Rd6 Rc2 36. f3 h5 37. Kh3 Rc1 38. g3 fxg3 39. Kxg3 g5 40. Bxf7 Bxf7
41. Rf6 Rxc5 42. Rfxf7+ Kg8 43. Rg7+ Kh8 44. Rh7+ Kg8 45. Rbg7+ Kf8 46. Rf7+ Kg8
47. b4 Rb5 48. Rfg7+ Kf8 49. Rc7 Kg8 50. Rxh5 Rf8 51. Rxc6 Kg7 52. Rhh6 Rff5 53.
Rcg6+ Kf7 54. Rxa6 Rxb4 55. Ra7+ Kg8 56. Rb6 Ra4 57. Rb8+ Rf8 58. Rxf8+ Kxf8 59.
a6 Ke8 60. Kf2 Ra3 61. Ke2 Kd8 62. Ra8+ Kc7 63. Kf2 Ra1 64. Kg2 Kb6 65. Rg8 Ka7
66. Rxg5 Kxa6 67. Rc5 Kb6 68. Rc2 Ra7 69. Rc3 Kb5 70. f4 Kb4 71. Rc1 Ra3 72. f5
Kb5 73. f6 Ra6 74. Rf1 Ra8 75. f7 Rf8 76. Kg3 1-0

[Event "World Youth U16 Olympiad"]
[Site "Gyor HUN"]
[Date "2014.12.20"]
[Round "9.4"]
[Board "2"]
[White "Ali Marandi, Cemil Can"]
[Black "Osmak, Iulija"]
[Result "1-0"]
[WhiteTitle "IM"]
[BlackTitle "WFM"]
[WhiteElo "2423"]
[BlackElo "2308"]
[WhiteTeam "Turkey"]
[BlackTeam "Ukraine"]
[WhiteFideId "6300529"]
[BlackFideId "14101602"]
[EventDate "2014.12.13"]
[EventType "team"]

1. e4 e6 2. d4 d5 3. Nc3 Nf6 4. e5 Nfd7 5. f4 c5 6. Nf3 Nc6 7. Be3 a6 8. Qd2 Qb6
9. O-O-O Qa5 10. dxc5 Nxc5 11. Kb1 b5 12. Nd4 Nxd4 13. Bxd4 b4 14. Ne2 Bd7 15.
Qe3 Rc8 16. Nc1 Qc7 17. g4 a5 18. Bg2 Be7 19. Rhf1 Bb5 20. Rf2 Na4 21. Nb3 h6
22. Bf1 Bxf1 23. Rdxf1 Nc5 24. Nxc5 Bxc5 25. f5 Bxd4 26. Qxd4 O-O 27. Rg1 Qc4
28. Qd2 Qe4 29. Re2 Qf3 30. Rg3 Qf1+ 31. Re1 Qc4 32. b3 Qc5 33. f6 Rfd8 34. fxg7
Kxg7 35. g5 h5 36. g6 Rg8 37. Rf1 fxg6 38. Rxg6+ 1-0

[Event "World Youth U16 Olympiad"]
[Site "Gyor HUN"]
[Date "2014.12.20"]
[Round "9.4"]
[Board "3"]
[White "Matviishen, Viktor"]
[Black "Sevgi, Volkan"]
[Result "1/2-1/2"]
[WhiteTitle "FM"]
[BlackTitle "FM"]
[WhiteElo "2383"]
[BlackElo "2091"]
[WhiteTeam "Ukraine"]
[BlackTeam "Turkey"]
[WhiteFideId "14129850"]
[BlackFideId "6325335"]
[EventDate "2014.12.13"]
[EventType "team"]

1. e4 c6 2. d4 d5 3. e5 Bf5 4. Nf3 e6 5. Be2 Nd7 6. O-O Ne7 7. Nbd2 Bg6 8. Nb3
Rc8 9. a4 c5 10. Nxc5 Nxc5 11. dxc5 Nc6 12. Be3 a6 13. c3 Be7 14. b4 O-O 15. Qd2
Be4 16. Bd4 a5 17. Ra2 b6 18. Ba6 Rb8 19. Bb5 bxc5 20. bxc5 Na7 21. Rb2 Qc7 22.
Qe3 Rfc8 23. Nd2 Bg6 24. c4 Bxc5 25. cxd5 exd5 26. Nb3 Bxd4 27. Nxd4 Qc3 28.
Qxc3 Rxc3 29. f4 Bd3 30. Rd1 g6 31. Rdd2 Nxb5 32. Nxb5 Bxb5 33. Rxd5 Rc1+ 34.
Kf2 Rc4 35. Rdxb5 Ra8 36. Rb8+ Rxb8 37. Rxb8+ Kg7 38. Kf3 Rxa4 39. Ra8 Ra3+ 40.
Kg4 Ra2 41. g3 Rxh2 42. Rxa5 h5+ 43. Kf3 Rb2 44. Ra7 Rb6 1/2-1/2

[Event "World Youth U16 Olympiad"]
[Site "Gyor HUN"]
[Date "2014.12.20"]
[Round "9.4"]
[Board "4"]
[White "Tuncer, Tuna"]
[Black "Shtembuliak, Evgeny"]
[Result "1/2-1/2"]
[BlackTitle "FM"]
[WhiteElo "2210"]
[BlackElo "2257"]
[WhiteTeam "Turkey"]
[BlackTeam "Ukraine"]
[WhiteFideId "6349269"]
[BlackFideId "14113325"]
[EventDate "2014.12.13"]
[EventType "team"]

1. e4 c5 2. Nf3 e6 3. d4 cxd4 4. Nxd4 Nc6 5. Nxc6 bxc6 6. Bd3 Nf6 7. O-O d5 8.
Nd2 Be7 9. c4 O-O 10. Qe2 a5 11. Rd1 Ba6 12. exd5 cxd5 13. Nf3 Qc7 14. cxd5 Bxd3
15. Qxd3 Nxd5 16. Bg5 Bd6 17. Qe4 Rfb8 18. Rac1 Qd7 19. Qg4 Rb4 20. Rc4 Qb5 21.
b3 a4 22. Rdc1 axb3 23. axb3 Qb7 24. Nd4 Bf8 25. g3 g6 26. Rd1 Rb6 27. Qe4 Bg7
28. Rdc1 Re8 29. Rd1 Ra6 30. Rc5 Rea8 31. Rdc1 h6 32. Be3 Qd7 33. Bd2 f5 34. Qd3
Ne7 35. Rc7 Qd8 36. Be3 Nd5 37. Qxa6 Rxa6 38. Rc8 Qxc8 39. Rxc8+ Kf7 40. Rb8
Nxe3 41. Rb7+ Kf6 42. fxe3 h5 43. Rc7 Bh6 44. Kf2 e5 45. Rc6+ Rxc6 46. Nxc6 Ke6
47. Kf3 g5 48. h3 g4+ 49. hxg4 e4+ 50. Ke2 fxg4 51. Nd4+ Kd5 52. b4 Bg7 53. b5
Be5 54. Kf2 Kc5 55. Nc6 Bd6 56. Nd4 Be5 57. Nc6 Bf6 58. Nd4 Kb6 59. Nf5 Be5 60.
Nd4 Bd6 61. Nf5 Bf8 62. Nd4 Ka5 63. Ne6 Be7 64. Nd4 Bc5 65. Ne6 Kxb5 66. Ng5 Kc4
67. Nxe4 Be7 68. Ke2 Bd8 69. Nd6+ Kd5 70. Nf5 Ke5 71. Ng7 h4 72. gxh4 Bxh4 73.
Nh5 Ke4 74. Nf4 Bg5 75. Kf2 Bh4+ 76. Kg2 Kxe3 77. Nh5 Ke4 78. Ng3+ Bxg3 79. Kxg3
Kf5 80. Kg2 Kf4 81. Kf2 g3+ 82. Kg2 Kg4 83. Kg1 Kf3 84. Kf1 g2+ 85. Kg1 Kg3 1/2-1/2

[Event "World Youth U16 Olympiad"]
[Site "Gyor HUN"]
[Date "2014.12.20"]
[Round "9.5"]
[Board "1"]
[White "Theodorou, Nikolas"]
[Black "Szostko, Jakub"]
[Result "1/2-1/2"]
[WhiteElo "2321"]
[BlackElo "2168"]
[WhiteTeam "Greece"]
[BlackTeam "Poland 2"]
[WhiteFideId "4262875"]
[BlackFideId "1174282"]
[EventDate "2014.12.13"]
[EventType "team"]

1. d4 Nf6 2. c4 e6 3. Nf3 d5 4. Nc3 Bb4 5. e3 O-O 6. Bd3 dxc4 7. Bxc4 b6 8. O-O
Bb7 9. Qe2 c5 10. Rd1 Qe7 11. a3 Bxc3 12. bxc3 Ne4 13. Bb2 Nd7 14. Nd2 Nxd2 15.
Rxd2 Rac8 16. f3 Nf6 17. e4 Rfd8 18. Rc1 e5 19. Rcd1 cxd4 20. cxd4 exd4 21. Rxd4
Rxd4 22. Rxd4 Nd7 23. Qe3 Ne5 24. Bb3 Ba6 25. Kh1 Nc6 26. Rd1 Na5 27. Qd4 Qf8
28. Bd5 Nc4 29. Bc1 Qc5 30. Qc3 Nd6 31. Qxc5 bxc5 32. Bf4 Nc4 33. Rc1 Nb6 34.
Ba2 c4 35. Be3 c3 36. Bb3 Bd3 37. Rd1 Bc4 38. Bc2 Be6 39. Kg1 Nc4 40. Bc1 h6 41.
Kf2 Kf8 42. Rd3 Nb2 43. Rd4 Rb8 44. Rb4 Rd8 45. Ke2 Nc4 46. Rb3 Nd6 47. Rb4 Rc8
48. g4 a5 49. Rd4 Nb5 50. Rd1 Nc7 51. Ke3 Na6 52. Rd6 Nc5 53. a4 Bb3 54. Ba3
Bxc2 55. Rd5 Bxa4 56. Rxc5 Rxc5 57. Bxc5+ Kg8 58. Bb6 Bd1 59. Bxa5 c2 60. Bd2 f6
61. h3 Kf7 62. f4 h5 63. gxh5 1/2-1/2

[Event "World Youth U16 Olympiad"]
[Site "Gyor HUN"]
[Date "2014.12.20"]
[Round "9.5"]
[Board "2"]
[White "Snihur, Piotr"]
[Black "Drakoulakos, Grigorios"]
[Result "1-0"]
[WhiteElo "2161"]
[BlackElo "2334"]
[WhiteTeam "Poland 2"]
[BlackTeam "Greece"]
[WhiteFideId "1157191"]
[BlackFideId "4264541"]
[EventDate "2014.12.13"]
[EventType "team"]

1. d4 Nf6 2. c4 e6 3. Nf3 Bb4+ 4. Bd2 Qe7 5. g3 Nc6 6. Nc3 O-O 7. Bg2 Na5 8. b3
b6 9. O-O Bb7 10. Qc2 h6 11. Rfe1 Bxc3 12. Bxc3 Be4 13. Qd2 Nb7 14. Qf4 d5 15.
Bf1 a5 16. a4 Rac8 17. cxd5 exd5 18. Bh3 Rce8 19. Rac1 g5 20. Qd2 g4 21. Bg2 Kh7
22. Ne5 Bxg2 23. Kxg2 Ne4 24. Qf4 f5 25. Bb2 c5 26. Red1 Qe6 27. Nd3 Ng5 28. Ne5
Nh3 29. Qd2 f4 30. f3 gxf3+ 31. exf3 Ng5 32. Qd3+ Kg8 33. g4 cxd4 34. Rc6 Qxe5
35. Qg6+ Qg7 36. Bxd4 Qxg6 37. Rxg6+ Kf7 38. Rg7+ Ke6 39. Rxb7 Kd6 40. Rxb6+ Kd7
41. Bf2 Re2 42. Rxd5+ Kc7 43. Rxh6 Ne6 44. Kf1 Kc6 45. Rxa5 1-0

[Event "World Youth U16 Olympiad"]
[Site "Gyor HUN"]
[Date "2014.12.20"]
[Round "9.5"]
[Board "3"]
[White "Kourkoulos-Arditis, Stamatis"]
[Black "Kowalski, Igor"]
[Result "1-0"]
[WhiteTitle "FM"]
[WhiteElo "2294"]
[BlackElo "2087"]
[WhiteTeam "Greece"]
[BlackTeam "Poland 2"]
[WhiteFideId "4221990"]
[BlackFideId "1172468"]
[EventDate "2014.12.13"]
[EventType "team"]

1. e4 e6 2. d4 d5 3. Nc3 Bb4 4. e5 Ne7 5. a3 Bxc3+ 6. bxc3 c5 7. a4 Nbc6 8. Nf3
Bd7 9. Be2 Qa5 10. Bd2 f6 11. exf6 gxf6 12. O-O c4 13. Qc1 O-O-O 14. Qa3 Qc7 15.
Rfb1 Ng6 16. a5 h5 17. Ra2 h4 18. Qc5 Rhg8 19. Bf1 Be8 20. Kh1 Qd6 21. Qb5 Rg7
22. Bh6 Rh7 23. Qb2 Qc7 24. Qc1 Nxa5 25. Qe3 Bd7 26. Nxh4 Rdh8 27. Rxa5 Qxa5 28.
Nxg6 Rxh6 29. Nxh8 Rxh8 30. g3 Qc7 31. f4 a5 32. h4 f5 33. Be2 Qd6 34. Kg2 Kc7
35. h5 a4 36. Rh1 Rh6 37. Kf2 Be8 38. Qc1 b5 39. Qb2 Kb6 40. Ke1 Ka5 41. Kd2 Kb6
42. Kc1 Ka5 43. Kb1 b4 44. cxb4+ Qxb4 45. c3 Qb3 46. Bd1 Qb6 47. Qxb6+ Kxb6 48.
Kb2 Ka5 49. Ka3 Bb5 50. Rh2 Be8 51. Rb2 Rh7 52. g4 fxg4 53. Bxg4 Rh6 54. Re2 Bf7
55. Rh2 Be8 56. Bd1 Bf7 57. Rh3 Be8 58. Rg3 Rh7 59. Rg5 Rh6 60. f5 Bf7 61. fxe6
Bxe6 62. Bxa4 Bf7 63. Rf5 Bxh5 64. Rxd5+ Kb6 65. Rb5+ Ka7 66. Rc5 Be2 67. Bb5
Rh3 68. Kb4 Rh1 69. Rg5 Rb1+ 70. Kc5 Rb3 71. Rg7+ Kb8 72. Kb6 Kc8 73. Rg8# 1-0